| 000 | 00534nam a2200205Ia 4500 | ||
|---|---|---|---|
| 003 | OSt | ||
| 005 | 20250807155949.0 | ||
| 008 | 210210b2000 xxu||||| |||| 00| 0 eng d | ||
| 020 | _a81 900938 8 6 | ||
| 040 | _cAL | ||
| 041 | _aKannada | ||
| 082 | _aK894.1 VIKT | ||
| 100 |
_aVIKRAMA VISAJI. _dವಿಕ್ರಮ ವಿಸಾಜಿ _9234559 |
||
| 245 |
_aTamasha. _bತಮಾಷಾ |
||
| 260 |
_aBallari _bLohiya Prakashana _c2000 |
||
| 300 | _axvi,56 | ||
| 690 |
_aKannada Poetry _9234560 |
||
| 906 | _a058624 | ||
| 942 |
_2ddc _cBK |
||
| 999 |
_c105848 _d105848 |
||